zpět

Detail výsledku týmu

Auto Da Fé ST, Kladno

Datum a čas kvízu

26.5 Celkem bodů Celkový počet nahraných bodů na tomto kvízu bez doplňovacích otázek.
10. Pořadí na kvízu Konečné umístění týmu na tomto kvízu.

Zaznamenané odpovědi

# Otázka Odpověď Body Výsledky
1. Karlovu univerzitu poprvé v hi... Milena Králíčková 0
2. Evropský parlament minulý týde... Alexej Navalnyj 1
3. Dům U kamenného zvonu v Praze... Frida Kahlo 0
4. Firma Apple opět vzbudila pozo... Čisticí hadřík. 1
5. Útočník Evander Kane ze San Jo... Zfalšoval očkovací průkaz. 0
6. Toto téma začneme manželkami k... 1C 2D 3B 4A 0
7. Přesuneme se ke Králi popu. Ja... The Jackson 5 1
8. Kterému sportu se profesionáln... Tenisu. 0
9. Mnoho deskových her využívá kr... Shogi 0
10. V roce 2021 streamovací platfo... Král Šamanů (Shaman King) 0